Online
Catalog

Historia de la literatura universal: / : (Record no. 16213)

MARC details
000 -CABECERA
campo de control de longitud fija 01335nam a2200241 a 4500
001 - NÚMERO DE CONTROL
campo de control 000016680
005 - FECHA Y HORA DE LA ÚLTIMA TRANSACCIÓN
campo de control 20200929164939.0
008 - DATOS DE LONGITUD FIJA--INFORMACIÓN GENERAL
campo de control de longitud fija 100309s1999 es ac 001 0 spa d
020 ## - NÚMERO INTERNACIONAL ESTÁNDAR DEL LIBRO
Número Internacional Estándar del Libro 8432026700 (Obra completa)
040 ## - FUENTE DE LA CATALOGACIÓN
Centro catalogador/agencia de origen DO-SdBNP
Lengua de catalogación spa
Centro/agencia transcriptor BNPHU
082 ## - NÚMERO DE LA CLASIFICACIÓN DECIMAL DEWEY
Número de clasificación R809
Número de documento/Ítem R594h, 1999
049 ## - FONDOS LOCALES (OCLC)
Fondos de biblioteca BNPD
100 1# - ENTRADA PRINCIPAL--NOMBRE DE PERSONA
Nombre de persona Riquer, Martín de
Fechas asociadas al nombre 1914-
9 (RLIN) 37029
245 10 - MENCIÓN DE TÍTULO
Título Historia de la literatura universal: / :
Resto del título con textos antológicos y resúmenes argumentales /
Mención de responsabilidad, etc. Martín de Riquer, José María Valverde.
250 ## - MENCIÓN DE EDICIÓN
Mención de edición 6a ed.
260 ## - PUBLICACIÓN, DISTRIBUCIÓN, ETC.
Lugar de publicación, distribución, etc. Barcelona, España :
Nombre del editor, distribuidor, etc. Planeta,
Fecha de publicación, distribución, etc. 1999.
300 ## - DESCRIPCIÓN FÍSICA
Extensión 10 v. :
Otras características físicas il., retrs. ;
Dimensiones 28 cm.
504 ## - NOTA DE BIBLIOGRAFÍA, ETC.
Nota de bibliografía, etc. Incluye referencias bibliográficas y notas al pie de las páginas
505 2# - NOTA DE CONTENIDO CON FORMATO
Nota de contenido con formato v.1. La literatura antigua en griego y en latín -- v.2. Literaturas medievales de transmisión oral -- v.3. Literaturas medievales de transmisión escrita --v. 4. El renacimiento desde sus preliminares -- v.5. Reforma contrarreforma y barroco -- v.6. Edad de la Razón y prerromanticismo -- v.7. Romanticismo y realismo --v. 8 La entrada en el Siglo XX -- v. 9. De las vanguardias a nuestros días (I) -- v. 10. De las vanguardias a nuestros días (II).
650 #4 - PUNTO DE ACCESO ADICIONAL DE MATERIA--TÉRMINO DE MATERIA
Término de materia o nombre geográfico como elemento de entrada Literatura
Subdivisión general Historia crítica
9 (RLIN) 37030
700 1# - PUNTO DE ACCESO ADICIONAL--NOMBRE DE PERSONA
Nombre de persona Valverde, José María
Fechas asociadas al nombre 1926-1996
9 (RLIN) 37031
910 ## - DATOS DE OPCIÓN DEL USUARIO (OCLC)
Datos de opción del usuario Validado. Control de calidad BNPHU
Holdings
Estado de retiro Estado de pérdida Restricciones de uso No para préstamo Código de colección Localización permanente Ubicación/localización actual Ubicación en estantería Fecha de adquisición Número de inventario Total de préstamos Signatura topográfica completa Código de barras Fecha visto por última vez Precio válido a partir de Tipo de ítem Koha
        Monografías: Libros y Folletos General General En catalogación 09.03.2010 LF1   R809 R594h, 1999 | v. 1 16680-10 25.06.2020 25.06.2020 Préstamo en sala
        Monografías: Libros y Folletos General General En catalogación 09.03.2010 LF1   R809 R594h, 1999 | v. 10 16680-100 25.06.2020 25.06.2020 Préstamo en sala
        Monografías: Libros y Folletos General General En catalogación 09.03.2010 LF1   R809 R594h, 1999 | v. 2 16680-20 25.06.2020 25.06.2020 Préstamo en sala
        Monografías: Libros y Folletos General General En catalogación 09.03.2010 LF1   R809 R594h, 1999 | v. 3 16680-30 25.06.2020 25.06.2020 Préstamo en sala
        Monografías: Libros y Folletos General General En catalogación 09.03.2010 LF1   R809 R594h, 1999 | v. 4 16680-40 25.06.2020 25.06.2020 Préstamo en sala
        Monografías: Libros y Folletos General General En catalogación 09.03.2010 LF1   R809 R594h, 1999 | v. 5 16680-50 25.06.2020 25.06.2020 Préstamo en sala
        Monografías: Libros y Folletos General General En catalogación 09.03.2010 LF1   R809 R594h, 1999 | v. 6 16680-60 25.06.2020 25.06.2020 Préstamo en sala
        Monografías: Libros y Folletos General General En catalogación 09.03.2010 LF1   R809 R594h, 1999 | v. 7 16680-70 25.06.2020 25.06.2020 Préstamo en sala
        Monografías: Libros y Folletos General General En catalogación 09.03.2010 LF1   R809 R594h, 1999 | v. 8 16680-80 25.06.2020 25.06.2020 Préstamo en sala
        Monografías: Libros y Folletos General General En catalogación 09.03.2010 LF1   R809 R594h, 1999 | v. 9 16680-90 25.06.2020 25.06.2020 Préstamo en sala

Powered by Koha